Evolution historique de la législation commerciale. De l'Ordonnance de Colbert à nos jours.

Збережено в:
Бібліографічні деталі
Автор: Mariage, Henri (autor)
Формат: Книга
Опубліковано: Paris, France: Editions A. Pedone, 1951.
Предмети:
Теги: Додати тег
Немає тегів, Будьте першим, хто поставить тег для цього запису!

MARC

LEADER 00000nam a22000007a 4500
003 CL-VaPUC
005 20220822114728.0
008 220726t1951 ||||| |||| 00| 0 eng d
999 |c 437587  |d 437585 
040 |c Pontificia Universidad Católica de Valparaíso 
082 7 |a 346.440709 MAR 1951  |2 22 
100 1 |a Mariage, Henri  |e autor  |9 873963 
245 |a Evolution historique de la législation commerciale.   |b De l'Ordonnance de Colbert à nos jours. 
260 |a Paris, France:  |b Editions A. Pedone,   |c 1951. 
300 |a 194 páginas. 
500 |a c.1 Donación Familia Prof. Alejandro Guzmán Brito. 
583 |c 20220726  |k Cristina María Rojas Aguilar 
650 |a Derecho comercial   |z Francia   |x Historia   |9 873964 
942 |2 ddc  |c BK  |n 0 
952 |0 0  |1 0  |2 ddc  |4 0  |6 346_440709000000000_MAR_1951  |7 0  |8 C_AGB  |9 585368  |a BIBDER  |b BIBDER  |d 2022-07-26  |e Donación   |i 5653434  |o 346.440709 MAR 1951  |p 5653434  |r 2023-01-25  |t 1  |w 2022-07-26  |y BK_US  |k AGB